000 01151cam a2200325 i 4500
999 _c200445070
_d63282
001 200445070
003 TR-AnTOB
005 20230624001202.0
007 ta
008 090126s1982 tu d 000 0 tur u
035 _a(TR-AnTOB)200445071
040 _aBGZ
_beng
_erda
_cBGZ
_dTR-AnTOB
041 0 _atur
050 4 _aJS6953.A8
_bU88 1982
099 _a352 DPT 1982
100 1 _aÜstünışık, Belma
_eauthor
_9127998
245 1 0 _aBeşinci Beş Yıllık Kalkınma Planı Hazırlık Çalışmaları :
_bBelediye Hizmetleri Sektör Raporu.
246 3 3 _aBelediye Hizmetleri Sektör Raporu
264 1 _aAnkara :
_bDPT,
_c1982.
300 _a79 pages :
_btables ;
_c24 cm
336 _atext
_btxt
_2rdacontent
337 _aunmediated
_bn
_2rdamedia
338 _avolume
_bnc
_2rdacarrier
490 0 _aT.C. Başbakanlık Devlet Planlama Teşkilatı ;
_vyayın no: DPT 1708 - SPD : 358
650 7 _aBelediye yönetimi
_zTürkiye
_2etuturkob
_981362
650 0 _aMahalli idareler
_zTürkiye
_9134761
710 2 _aDevlet Planlama Teşkilatı (Turkey).
_bSosyal Planlama Başkanlığı
_9132955
942 _2lcc
_cBK